1377 1676 1315 1077 1442 1008 1514 1116 1618 1274 1371 1746 1087 1110 1947 1357 1565 1969 1053 1192 1848 1117 1927 1952 1433 1047 1140 1052 1731 1935 1875 1001 1325 1320 1015 1874 1713 1223 1225 1185 1402 1461 1026 1770 1678 1435 1997 1993 1406 1700 1825 1283 1564 1178 1683 1447 1596 1627 1423 1380 1100 1653 1251 1419 1958 1078 1692 1321 1870 1045 1863 1638 1400 1080 1661 1924 1276 1859 1221 1185 1396 1963 1627 1343 1783 1049 1881 1103 1952 1104 1645 1375 1604 1448 1512 1004 1898 1996 1250 BCNSPRNW ULIB Ver.6.0+V

เปลี่ยนเป็นภาษาไทย

Change to English
 แสดงรายละเอียดบรรณานุกรม
  กลับหน้าหลัก

Brief Record : Get Marc (ISO 2709) : E-mail record : QR code < ปิดหน้าต่าง
LEADER : 00000nam 2200000uu 4500
001    13399112546
003     ULIB
008    110824s2554||||th 000 0 tha d
020    9786165001304
090    นว.^bร147ค 2554
100 0  ร่มแก้ว
245 00 คุณชายปวรรุจ/^cร่มแก้ว
250    พิมพ์ครั้งที่ 4
260    กรุงเทพฯ :^bพิมพ์คำ,^c2554
300    328 หน้า
490 0  นวนิยายชุด สุภาพบุรุษจุฑาเทพ
945    ^p220^l0^i18515
995    กัณชพร
999    ^aใช้งานได้ทุกระบบ
รายการนี้ยังไม่มีแท็ก
คุณยังไม่ได้ล็อกอิน คุณสามารถมีกิจกรรมร่วมกับเว็บไซต์ได้ แต่ต้องล็อกอินก่อน ::
  ล็อกอิน

รายการสื่อสารสนเทศ

ลำดับที่ ประเภท เลขเรียก/บาร์โค้ด สถานที่ สถานะ
1. นวนิยาย
นวนิยาย
นว. ร147ค 2554  
  Barcode: 18515
ห้องสมุดวิทยาเขตสวรรค์ประชารักษ์
►นวนิยาย
บนชั้น
  ขอยืม

รายการใกล้เคียง
    ผู้แต่ง [ร่มแก้ว]

BibComment


ยังไม่เคยถูกคอมเมนท์

คอมเมนท์ทรัพยากรรายการนี้
  คอมเมนท์: คุณชายปวรรุจ ร่มแ..


 Copyright 2026. Bcnsprnw @Library